বাংলা পড়ানো / (Record no. 403473)

MARC details
000 -LEADER
fixed length control field 01097nam a2200301 a 4500
001 - CONTROL NUMBER
control field vtls001104294
003 - CONTROL NUMBER IDENTIFIER
control field NLI
005 - DATE AND TIME OF LATEST TRANSACTION
control field 20210603123930.0
008 - FIXED-LENGTH DATA ELEMENTS--GENERAL INFORMATION
fixed length control field 120324s1951 ii 000 0 ben
039 #9 - LEVEL OF BIBLIOGRAPHIC CONTROL AND CODING DETAIL [OBSOLETE]
-- 201203241959
-- VLOAD
040 ## - CATALOGING SOURCE
Original cataloging agency NLI
Language of cataloging beneng
Transcribing agency Datasoft_Bengali
Description conventions AACR2
041 0# - LANGUAGE CODE
Language code of text/sound track or separate title ben
044 ## - COUNTRY OF PUBLISHING/PRODUCING ENTITY CODE
MARC country code ii
082 04 - DEWEY DECIMAL CLASSIFICATION NUMBER
Classification number 491.4407
100 1# - MAIN ENTRY--PERSONAL NAME
Linkage 880-01
Personal name সেন, প্রিয়রঞ্জন
9 (RLIN) 1251
245 10 - TITLE STATEMENT
Linkage 880-02
Title বাংলা পড়ানো /
Statement of responsibility, etc. প্রিয়রঞ্জন সেন
260 ## - PUBLICATION, DISTRIBUTION, ETC.
Place of publication, distribution, etc. কলকাতা :
Name of publisher, distributor, etc. বাণীমন্দির,
Date of publication, distribution, etc. 1951
300 ## - PHYSICAL DESCRIPTION
Extent xii, 147 p. ;
Dimensions 18 cm.
650 #0 - SUBJECT ADDED ENTRY--TOPICAL TERM
Topical term or geographic name entry element Bengali language
General subdivision Study and teaching
9 (RLIN) 138225
880 1# - ALTERNATE GRAPHIC REPRESENTATION
Linkage 100-01(B
a Sen, Priyarañjan
880 10 - ALTERNATE GRAPHIC REPRESENTATION
Linkage 245-02(B
a Bāṁlā paḍāno /
c Priyarañjan Sen
887 ## - NON-MARC INFORMATION FIELD
Content of non-MARC field cSubrata Biswas 30.08.2011/Pamita 21.11.2011
901 ## - LOCAL DATA ELEMENT A, LDA (RLIN)
a 2924
b 07.11.1956
902 ## - LOCAL DATA ELEMENT B, LDB (RLIN)
a B 491.4407 Se 378 v
904 ## - LOCAL DATA ELEMENT D, LDD (RLIN)
a cSubrata Biswas 30.08.2011/Pamita 21.11.2011
l B8050 (1)
942 ## - ADDED ENTRY ELEMENTS (KOHA)
Source of classification or shelving scheme Dewey Decimal Classification
Koha item type Books
949 ## - LOCAL PROCESSING INFORMATION (OCLC)
-- VIRTUAITEM
-- 10000
-- 100
6 DBA000002924BEN
Holdings
Withdrawn status Lost status Damaged status Not for loan Collection code Home library Current library Shelving location Date acquired Total Checkouts Full call number Barcode Date last seen Price effective from Koha item type
        Bengali National Library of India National Library of India Bengali - Books - Main Stack Division     B 491.4407 Se 378 v DBA000002924BEN 03/06/2021 03/06/2021 Books
                                                                           
web counter

Copyright ©2020 The National Library of India, Govt. of India ↔ Hosted by NVLI, MOC ↔ Technology and Design by National Library of India, Ministry of Culture, Govt. of India